| 000 | 00660nam a2200217 a 4500 | ||
|---|---|---|---|
| 001 | 18746 | ||
| 003 | CO-ViMGA | ||
| 008 | 141112s2004 ck r 000 u spa d | ||
| 020 | _a8472900665 | ||
| 040 |
_aCO-ViMGA _bspa _cCO-ViMGA |
||
| 082 | 0 | 4 | _a613.7 D437 |
| 100 | 1 |
_aAnderson, Linnea; Dibble, Marjorie; Mitchell, Helen; Rynbergen, Henderika _926725 |
|
| 245 | 1 | 0 | _aDietas terapeuticas |
| 260 |
_aBarcelona : _bEdiciones Bellaterra; 2000. |
||
| 300 | _a319 p. | ||
| 590 | _aForma de adquisición : Premio Min - cultura | ||
| 650 | 1 | 4 |
_aDIETA PARA ENFERMOS _926726 |
| 650 | 1 | 4 |
_aDIETOTERAPIA _926727 |
| 650 | 1 | 4 |
_aNUTRICION Y SALUD _926728 |
| 942 |
_2ddc _cBK |
||
| 999 |
_c27978 _d27978 |
||